000 00560nam a2200217Ia 4500
005 20241129120315.0
008 241129s9999||||xx |||||||||||||| ||und||
020 _a9789389742480
037 _aTB
040 _aSDCL
_beng
_cSDCL
041 _aeng
_2eng
084 _aO152,3N031:g R1
_qSDCL
100 _aYashpal
245 0 _aYashpal Ka Viplav-II
260 _aPrayagraj
_bLokbharati Prakashan
_c2021
300 _axx,384p.
365 _aINR
_b900
650 _aHindi
942 _cTB
_hO152,3N031:g R1
999 _c1234259
_d1234259